Курс международного права. Т. 5: Отрасли международного права (Запись № 7939585)

Подробности
000 -МАРКЕР
контрольное поле 01309nam2a22002651 4500
001 - ИДЕНТИФИКАТОР ЗАПИСИ
контрольное поле rc\346524
005 - ИДЕНТИФИКАТОР ВЕРСИИ
контрольное поле 20250612181240.0
010 ## - МЕЖДУНАРОДНЫЙ СТАНДАРТНЫЙ НОМЕР КНИГИ (ISBN)
Номер (ISBN) 5-02-012976-3
Тираж 5000
035 ## - ДРУГИЕ СИСТЕМНЫЕ НОМЕРА
Идентификатор записи (NLR Aleph) 008773688
100 ## - ДАННЫЕ ОБЩЕЙ ОБРАБОТКИ
Данные общей обработки 20030307d1992 |||y0rusy50 ca
101 0# - ЯЗЫК РЕСУРСА
Язык текста, звукозаписи и т.д. русский
102 ## - СТРАНА ПУБЛИКАЦИИ ИЛИ ПРОИЗВОДСТВА
Страна публикации Российская Федерация
105 ## - ПОЛЕ КОДИРОВАННЫХ ДАННЫХ: ТЕКСТОВЫЕ МАТЕРИАЛЫ, МОНОГРАФИЧЕСКИЕ
Кодированные данные о монографическом текстовом документе y |||||||||
200 1# - ЗАГЛАВИЕ И СВЕДЕНИЯ ОБ ОТВЕТСТВЕННОСТИ
Основное заглавие Отрасли международного права
Первые сведения об ответственности [В.Д. Бордунов, В.С. Верещетин, С.В. Виноградов и др.]
Последующие сведения об ответственности Отв. ред. В.С. Верещетин
-- [Рос. акад. наук, Ин-т государства и права]
210 ## - ПУБЛИКАЦИЯ, РАСПРОСТРАНЕНИЕ И ДР.
Дата издания, распространения и т.д. 1992
Место издания, распространения и т.д. Б. м.
215 ## - ФИЗИЧЕСКАЯ ХАРАКТЕРИСТИКА
Специфическое обозначение материала и объем 336 с.
320 ## - ПРИМЕЧАНИЯ О НАЛИЧИИ В ДОКУМЕНТЕ БИБЛИОГРАФИИ / УКАЗАТЕЛЯ
Текст примечания Предм. указ.: с. 331-334
461 #0 - УРОВЕНЬ НАБОРА
Встроенное поле 001rc\346522
-- 2001#$aКурс международного права$eВ 7 т.$fРедкол.: В.Н. Кудрявцев (гл. ред.) и др.$g[АН СССР, Ин-т государства и права]$vТ. 5
Системный номер (АБИС) связанной записи 9562285
Место публикации М.
Дата публикации 1989-
Первые сведения об ответственности Редкол.: В.Н. Кудрявцев (гл. ред.) и др.
Имя издателя, распространителя и т.д. Наука
Сведения, относящиеся к заглавию В 7 т.
Заглавие Курс международного права
Номер тома Т. 5
701 #1 - ИМЯ ЛИЦА - АЛЬТЕРНАТИВНАЯ ОТВЕТСТВЕННОСТЬ
Начальный элемент ввода Бордунов
Часть имени, кроме начального элемента ввода В.Д.
Расширение инициалов личного имени Виталий Дмитриевич
801 #0 - ИСТОЧНИК ЗАПИСИ
Страна Российская Федерация
Организация NLR
Правила каталогизации psbo
801 #1 - ИСТОЧНИК ЗАПИСИ
Страна Российская Федерация
Организация ELAR
Источник данных rusmarc
852 ## - МЕСТОНАХОЖДЕНИЕ И ШИФР ХРАНЕНИЯ
Идентификатор организации NLR
Шифр хранения (Call Number) 89-5/6529
942 ## - ДОПОЛНИТЕЛЬНЫЕ ЭЛЕМЕНТЫ ЗАПИСИ (АБИС)
Тип экземпляра АБИС Книга
980 ## - КОЛЛЕКЦИЯ
Название коллекции Национальная библиография
Экземпляры
Тип экземпляра Дата поступления Библиотека постоянного хранения Библиотека текущего хранения Место хранения Шифр хранения Штрих-код Статус экземпляра Стоимость
Книга 26.10.2013 РНБ (Московский) РНБ (Московский) Русский книжный фонд: издания с 1957 года 89-5/6529 8773688-10    
Книга 10.07.2014 РНБ (Московский) РНБ (Московский) Фонд общего зала социально-экономической литературы С1 Х91/К-937 1-598443   25.00